[Event "VIII Festival Hotel Petra A"]
[Site "Roma ITA"]
[Date "2007.10.31"]
[Round "3"]
[White "Pienabarca, Nicola"]
[Black "Barlocco, Carlo"]
[Result "1/2-1/2"]
[WhiteElo "2075"]
[BlackElo "2134"]
[PlyCount "153"]
[EventDate "2007.10.29"]

1. d4 d5 2. Nf3 Bf5 3. c4 e6 4. Nc3 c6 5. Bf4 Bd6 6. Bxd6 Qxd6 7. Qb3 b6 8.
cxd5 exd5 9. g3 Nf6 10. Bg2 O-O 11. O-O Nbd7 12. Nd2 Rfd8 13. Rad1 Rac8 14.
Rfe1 Nf8 15. e4 dxe4 16. Ndxe4 Nxe4 17. Nxe4 Bxe4 18. Bxe4 Ne6 19. Bf5 Re8 20.
d5 cxd5 21. Rxd5 Qc6 22. Red1 Re7 23. Rd6 Qe8 24. Qd5 g6 25. Bh3 Rc5 26. Qb3
Nf8 27. Rf6 Kg7 28. Rfd6 Re1+ 29. Bf1 Qe4 30. Rxe1 Qxe1 31. Rd1 Qe4 32. Bd3 Qc6
33. Qb4 Qf3 34. Qd4+ Kg8 35. Be4 Qg4 36. Qd3 Ne6 37. Bf3 Qb4 38. Qd2 Qa4 39. b3
Qe8 40. Bd5 Qc8 41. Bc4 Qc6 42. Qd7 Ng5 43. Qxc6 Rxc6 44. Rd7 Nf3+ 45. Kg2 Ne5
46. Rd8+ Kg7 47. Bb5 Rc2 48. Re8 Kf6 49. a4 g5 50. h3 Rb2 51. Ra8 Rxb3 52. Rxa7
h5 53. Rb7 g4 54. Rxb6+ Kg7 55. hxg4 hxg4 56. Rb7 Ra3 57. Re7 Kf6 58. Rc7 Ra1
59. Be2 Rxa4 60. Rc2 Ra1 61. Rb2 Ra3 62. Rb4 Kg5 63. Rb5 f6 64. f4+ gxf3+ 65.
Bxf3 Rc3 66. Be2 Kf5 67. Kf2 Rc2 68. Ke3 Rc3+ 69. Kf2 Ke4 70. Rb4+ Kd5 71. Rb6
Rc2 72. Ke3 Rc3+ 73. Kf4 Ng6+ 74. Kf5 Ne5 75. Rb5+ Kd6 76. Kxf6 Nd7+ 77. Kg5
1/2-1/2

[Event "VIII Festival Hotel Petra A"]
[Site "Roma ITA"]
[Date "2007.10.31"]
[Round "3"]
[White "Quimi, Marco"]
[Black "Ciampi, Vincenzo"]
[Result "0-1"]
[WhiteElo "2270"]
[BlackElo "2095"]
[PlyCount "98"]
[EventDate "2007.10.29"]

1. e4 c5 2. Nf3 e6 3. d4 cxd4 4. Nxd4 Nf6 5. Nc3 d6 6. g3 Bd7 7. Bg2 Nc6 8. O-O
a6 9. a4 Be7 10. Be3 O-O 11. Nxc6 Bxc6 12. a5 Nd7 13. Qe2 Rc8 14. Rfd1 Qc7 15.
f4 Bf6 16. Qd2 Bxc3 17. Qxc3 e5 18. Qb4 f5 19. Qxd6 fxe4 20. Bh3 Rf6 21. Be6+
Kh8 22. fxe5 Qxd6 23. Rxd6 Nxe5 24. Rad1 Rcf8 25. Rd8 h6 26. b3 Be8 27. Bc5 e3
28. Bxf8 e2 29. Ra1 Nf3+ 30. Kf2 Nd4+ 31. Kg2 Bc6+ 32. Bd5 Bxd5+ 33. Rxd5 Nxc2
34. Bb4 Ne3+ 35. Kh3 Nxd5 36. Be1 Rf1 37. Rc1 Kh7 38. Kg2 Ne3+ 39. Kh3 Nd1 40.
Kg2 Rxe1 41. Kf3 Rh1 42. Kxe2 Rxh2+ 43. Kxd1 Rh1+ 44. Kc2 Rxc1+ 45. Kxc1 Kg6
46. Kc2 Kf5 47. Kd3 g5 48. Kc4 h5 49. Kc5 h4 0-1

[Event "VIII Festival Hotel Petra A"]
[Site "Roma ITA"]
[Date "2007.10.31"]
[Round "3"]
[White "Rossi, Aldo A."]
[Black "Lantini, Marco"]
[Result "1/2-1/2"]
[WhiteElo "2204"]
[BlackElo "2222"]
[PlyCount "95"]
[EventDate "2007.10.29"]

1. e4 c5 2. a3 e6 3. b4 b6 4. bxc5 bxc5 5. Nf3 Nc6 6. Nc3 Nge7 7. Bb5 g6 8. O-O
Bg7 9. a4 O-O 10. Ba3 Nb4 11. Rb1 a6 12. Be2 Nec6 13. e5 Nxe5 14. Ne4 a5 15.
Nxc5 d6 16. Nxe5 Bxe5 17. d4 Bxd4 18. Qxd4 Nxc2 19. Qb2 Nxa3 20. Rbd1 Qh4 21.
Rxd6 Nc4 22. Qd4 Qxd4 23. Rxd4 Nb6 24. Rb1 Nd5 25. Bf3 Rd8 26. g4 Bd7 27. Nxd7
Rxd7 28. Rb5 h6 29. Bxd5 exd5 30. Rdxd5 Rxd5 31. Rxd5 Kg7 32. Kg2 Kf6 33. Kf3
Ra6 34. h4 Ke7 35. Ke3 Re6+ 36. Kf4 Rf6+ 37. Kg3 Ra6 38. f4 Rb6 39. Rxa5 Rb3+
40. Kf2 Rb4 41. Kf3 Rb3+ 42. Ke4 Rb4+ 43. Ke3 Rb3+ 44. Ke2 Rb4 45. Ra7+ Ke6 46.
Ra6+ Kd5 47. Rf6 Rxa4 48. Rxf7 1/2-1/2

[Event "VIII Festival Hotel Petra A"]
[Site "Roma ITA"]
[Date "2007.10.31"]
[Round "3"]
[White "Salvador, Roland"]
[Black "Piscopo, Pierluigi"]
[Result "1-0"]
[WhiteElo "2456"]
[BlackElo "2365"]
[PlyCount "61"]
[EventDate "2007.10.29"]

1. d4 Nf6 2. Nf3 g6 3. Nc3 c5 4. d5 Bg7 5. e4 O-O 6. e5 Ng4 7. Ng5 Nh6 8. h4 f6
9. Nge4 Nf7 10. h5 f5 11. hxg6 hxg6 12. Ng5 Nxe5 13. Bf4 d6 14. Bxe5 dxe5 15.
Bc4 e4 16. d6+ e6 17. Nxe6 Bxc3+ 18. bxc3 Bxe6 19. Bxe6+ Kg7 20. Rb1 b6 21. Qd5
Na6 22. Qb7+ Kf6 23. Bc4 Qxd6 24. Rh7 Nc7 25. Qxc7 Qxc7 26. Rxc7 Rh8 27. Ke2 f4
28. Bd5 Rae8 29. Rxa7 Rh2 30. Rxb6+ Ke5 31. Bf7 1-0

[Event "VIII Festival Hotel Petra A"]
[Site "Roma ITA"]
[Date "2007.10.31"]
[Round "3"]
[White "Scalcione, Michelangelo"]
[Black "Horvath, Csaba"]
[Result "1-0"]
[WhiteElo "2357"]
[BlackElo "2536"]
[PlyCount "89"]
[EventDate "2007.10.29"]

1. Nf3 Nf6 2. c4 e6 3. Nc3 d5 4. d4 dxc4 5. e4 Bb4 6. Bg5 c5 7. Bxc4 cxd4 8.
Nxd4 Qa5 9. Bb5+ Bd7 10. Bxf6 gxf6 11. Bxd7+ Nxd7 12. O-O Bxc3 13. bxc3 a6 14.
Rb1 Qc7 15. Qd3 h5 16. Rb4 Rc8 17. Rd1 Ke7 18. h3 Nc5 19. Qe2 h4 20. Nf3 e5 21.
a4 b6 22. Rdb1 Nd7 23. Qxa6 Qxc3 24. Qe2 Qa3 25. Rc4 Rxc4 26. Qxc4 Qd6 27. Rb5
Qe6 28. Rd5 f5 29. Qb4+ Ke8 30. Qb5 f6 31. exf5 Qxf5 32. Nd4 Qh7 33. Nc6 Kf8
34. Qb4+ Ke8 35. Qd6 Rg8 36. Qe6+ Kf8 37. Rxd7 Qb1+ 38. Kh2 Rxg2+ 39. Kxg2 Qe4+
40. Kf1 Qb1+ 41. Ke2 Qc2+ 42. Ke1 Qb1+ 43. Rd1 Qe4+ 44. Kd2 Qf4+ 45. Kc3 1-0

[Event "VIII Festival Hotel Petra A"]
[Site "Roma ITA"]
[Date "2007.10.31"]
[Round "3"]
[White "Sibilio, Mario"]
[Black "Vuelban, Virgilio"]
[Result "1/2-1/2"]
[WhiteElo "2381"]
[BlackElo "2399"]
[PlyCount "78"]
[EventDate "2007.10.29"]

1. Nf3 Nf6 2. b3 g6 3. Bb2 Bg7 4. c4 O-O 5. g3 d6 6. Bg2 e5 7. d3 Nc6 8. O-O
Nh5 9. Nc3 f5 10. Nd2 Rb8 11. Rc1 Ne7 12. b4 a6 13. a4 Be6 14. b5 a5 15. Nd5 b6
16. e3 Qd7 17. Qc2 Rf7 18. f4 h6 19. Bf3 exf4 20. Bxg7 Nxg7 21. exf4 Kh7 22.
Nb3 Ng8 23. Qc3 Bxd5 24. Bxd5 Re7 25. Nd4 Rf8 26. Bc6 Qd8 27. Rfe1 Nf6 28. Rxe7
Qxe7 29. Re1 Qf7 30. Qc2 Nd7 31. Bxd7 Qxd7 32. Qg2 Re8 33. Rxe8 Qxe8 34. Kf2
Qe7 35. Qd5 Qf6 36. Ke3 Qe7+ 37. Kd2 Qf6 38. Ke3 Qe7+ 39. Kd2 Qf6 1/2-1/2

[Event "VIII Festival Hotel Petra A"]
[Site "Roma ITA"]
[Date "2007.10.31"]
[Round "3"]
[White "Stips, Felix"]
[Black "Tribuiani, Renato"]
[Result "0-1"]
[WhiteElo "2061"]
[BlackElo "2096"]
[PlyCount "52"]
[EventDate "2007.10.29"]

1. e4 c5 2. Nf3 e6 3. d4 cxd4 4. Nxd4 a6 5. Bd3 g6 6. Be3 Bg7 7. Nd2 Ne7 8. c4
Nbc6 9. N2b3 d6 10. O-O O-O 11. Rb1 Qc7 12. Qe2 Bd7 13. Rfd1 Rac8 14. Nc2 Ne5
15. Nd2 N7c6 16. b3 h5 17. h3 f5 18. f4 Nf7 19. g4 hxg4 20. hxg4 Nh6 21. gxf5
exf5 22. Nf3 Rce8 23. Ng5 Ng4 24. Bd2 Bh6 25. c5 Bxg5 26. cxd6 Qb6+ 0-1

[Event "VIII Festival Hotel Petra A"]
[Site "Roma ITA"]
[Date "2007.11.01"]
[Round "4"]
[White "Barlocco, Carlo"]
[Black "Bove, Alessandro"]
[Result "0-1"]
[WhiteElo "2134"]
[BlackElo "2195"]
[PlyCount "108"]
[EventDate "2007.10.29"]

1. d4 Nf6 2. Nf3 e6 3. Bf4 c5 4. c3 b6 5. e3 Bb7 6. Be2 Be7 7. h3 Ne4 8. O-O
O-O 9. a4 f5 10. a5 Na6 11. d5 exd5 12. Bxa6 Bxa6 13. Qxd5+ Kh8 14. Rd1 d6 15.
axb6 axb6 16. Nbd2 Be2 17. Re1 Nxd2 18. Nxd2 Rxa1 19. Rxa1 Qd7 20. Ra8 Bb5 21.
Rxf8+ Bxf8 22. Qa8 Kg8 23. Qb8 Qc6 24. Bg5 Kf7 25. Bd8 Qd5 26. Qxb6 Bc6 27. e4
fxe4 28. Nf1 Bd7 29. Ne3 Qc6 30. Qb3+ Be6 31. c4 h6 32. Ba5 Be7 33. Bc3 Bg5 34.
Nd5 Qa6 35. Qb8 Bxd5 36. cxd5 Be7 37. Qc7 Qd3 38. Bxg7 e3 39. Bc3 e2 40. Qa5
Bf6 41. Qc7+ Kg6 42. Qxd6 Qxc3 43. bxc3 e1=Q+ 44. Kh2 Qe5+ 45. Qxe5 Bxe5+ 46.
f4 Bxf4+ 47. g3 Be5 48. c4 Kf5 49. Kg2 Ke4 50. g4 Ke3 51. Kf1 Kf3 52. Ke1 Kg3
53. Ke2 Kxh3 54. Kf3 Bd6 0-1

[Event "VIII Festival Hotel Petra A"]
[Site "Roma ITA"]
[Date "2007.11.01"]
[Round "4"]
[White "Burmakin, Vladimir"]
[Black "Salvador, Roland"]
[Result "1/2-1/2"]
[WhiteElo "2593"]
[BlackElo "2456"]
[PlyCount "118"]
[EventDate "2007.10.29"]

1. d4 Nf6 2. c4 e6 3. Nf3 c5 4. d5 b5 5. dxe6 fxe6 6. cxb5 d5 7. g3 Bd6 8. Bg2
O-O 9. O-O Bb7 10. Nbd2 h6 11. e4 dxe4 12. Ne1 Be5 13. Qe2 Qd5 14. Nc2 Bd4 15.
Nc4 e5 16. N2e3 Qd8 17. Bd2 Nbd7 18. Nd6 Qc7 19. Nec4 Nb6 20. Nxb7 Qxb7 21. Nd6
Qd7 22. Nxe4 Rad8 23. Be3 Nxe4 24. Bxe4 Rf6 25. a4 Qf7 26. a5 Nc8 27. Rac1 Nd6
28. Bxd4 exd4 29. Bd3 Re6 30. Qc2 Re5 31. b4 c4 32. Bxc4 Nxc4 33. Qxc4 Qxc4 34.
Rxc4 d3 35. Rd1 d2 36. Kf1 Rxb5 37. Re4 Kf7 38. Ke2 Rbd5 39. Rc4 R8d7 40. Rc5
Rd4 41. b5 Re4+ 42. Kf1 Ra4 43. a6 Rad4 44. Rc6 Rb4 45. Rc2 Rbd4 46. Ke2 Re7+
47. Kf3 Rd3+ 48. Kg2 Red7 49. f3 Ke7 50. Kf2 R3d5 51. Rb2 R5d6 52. f4 Kd8 53.
Ke3 Re7+ 54. Kf3 Red7 55. Rc2 Rd5 56. g4 Ke8 57. h4 Kf7 58. h5 Kg8 59. Rc8+ Kf7
1/2-1/2

[Event "VIII Festival Hotel Petra A"]
[Site "Roma ITA"]
[Date "2007.11.01"]
[Round "4"]
[White "Calavalle, Giulio"]
[Black "Hanly, Steven"]
[Result "1-0"]
[WhiteElo "2238"]
[BlackElo "1998"]
[PlyCount "73"]
[EventDate "2007.10.29"]

1. e4 e6 2. Qe2 Ne7 3. c3 d5 4. d3 Bd7 5. f4 c5 6. Nf3 Nbc6 7. Be3 b6 8. g3 Rc8
9. Nbd2 g6 10. Bg2 Bg7 11. e5 Na5 12. Bf2 c4 13. d4 b5 14. g4 Nac6 15. a3 a5
16. Bh4 Rb8 17. Bh3 b4 18. axb4 axb4 19. f5 Bh6 20. Bf6 Rg8 21. g5 Bf8 22. fxe6
Bxe6 23. Bxe6 fxe6 24. O-O Qd7 25. Ra6 Nf5 26. Qf2 Be7 27. Nh4 bxc3 28. Nxf5
gxf5 29. bxc3 h6 30. Qh4 Bxf6 31. exf6 Rxg5+ 32. Kh1 Rg6 33. Qh5 Kf7 34. Nf3
Kxf6 35. Rxc6 Qe8 36. Qh4+ Kg7 37. Rc7+ 1-0

[Event "VIII Festival Hotel Petra A"]
[Site "Roma ITA"]
[Date "2007.11.01"]
[Round "4"]
[White "Ciampi, Vincenzo"]
[Black "Corvi, Marco"]
[Result "0-1"]
[WhiteElo "2095"]
[BlackElo "2336"]
[PlyCount "56"]
[EventDate "2007.10.29"]

1. e4 Nf6 2. e5 Nd5 3. d4 d6 4. c4 Nb6 5. f4 dxe5 6. fxe5 Bf5 7. Nc3 e6 8. Be3
Nc6 9. Be2 Qd7 10. Nf3 Bg4 11. O-O O-O-O 12. Nb5 a6 13. a4 axb5 14. axb5 Nb8
15. b3 Bb4 16. d5 exd5 17. c5 d4 18. cxb6 dxe3 19. Qc1 Bd2 20. Qc4 Be6 21. Qa4
c6 22. Qa8 cxb5 23. Ra7 Qc6 24. Bxb5 Qxb6 25. Be2 Kc7 26. Ra2 Na6 27. Rxa6 Rxa8
28. Rxb6 Kxb6 0-1

[Event "VIII Festival Hotel Petra A"]
[Site "Roma ITA"]
[Date "2007.11.01"]
[Round "4"]
[White "Colombo, Paolo"]
[Black "Marotta, Michele"]
[Result "1-0"]
[WhiteElo "2147"]
[BlackElo "2012"]
[PlyCount "67"]
[EventDate "2007.10.29"]

1. e4 c5 2. Nf3 e6 3. d3 Nc6 4. c3 d5 5. Qc2 Be7 6. Be2 b6 7. Nbd2 Ba6 8. Qa4
Bb7 9. Nf1 a6 10. Ng3 d4 11. O-O Nf6 12. cxd4 b5 13. Qd1 cxd4 14. Bf4 O-O 15.
Ne5 Qb6 16. Rc1 Rac8 17. Bf3 Rfe8 18. Nxc6 Rxc6 19. Rxc6 Bxc6 20. Ne2 Nd7 21.
Qc2 e5 22. Rc1 Rc8 23. Bd2 Bb7 24. Qd1 Rxc1 25. Bxc1 Qc6 26. Ng3 g6 27. Bd2 Qc7
28. Bg4 Nb8 29. Ne2 Qc6 30. f4 f6 31. fxe5 fxe5 32. Bh6 Kf7 33. Qb3+ Kf6 34.
Qg8 1-0

[Event "VIII Festival Hotel Petra A"]
[Site "Roma ITA"]
[Date "2007.11.01"]
[Round "4"]
[White "D'Andrea, Stefano"]
[Black "Quimi, Marco"]
[Result "0-1"]
[WhiteElo "2105"]
[BlackElo "2270"]
[PlyCount "103"]
[EventDate "2007.10.29"]

1. e4 c5 2. Nc3 Nc6 3. Bb5 g6 4. Bxc6 bxc6 5. d3 Bg7 6. Nge2 Nh6 7. Be3 d6 8.
h3 f6 9. f4 Nf7 10. O-O O-O 11. f5 gxf5 12. exf5 Kh8 13. Ng3 Rg8 14. Qh5 Bf8
15. Nce2 Bh6 16. Bxh6 Nxh6 17. Rf4 Rg5 18. Qf3 Rb8 19. b3 Bd7 20. a3 Qg8 21.
Kh2 Qd5 22. Rf1 Rbg8 23. Rf2 Nf7 24. c4 Qxf3 25. R4xf3 Ne5 26. Re3 a5 27. a4
Rb8 28. d4 cxd4 29. Nxd4 c5 30. Nf3 Rgg8 31. Nxe5 fxe5 32. Ne4 Bc6 33. f6 Rbf8
34. g4 Bxe4 35. f7 Rg7 36. Rxe4 Rgxf7 37. Rxf7 Rxf7 38. Kg2 Kg7 39. Re3 Rf4 40.
Kg3 e6 41. Rf3 Rd4 42. h4 e4 43. Re3 d5 44. Rc3 Rd3+ 45. Rxd3 exd3 46. Kf3 d4
47. g5 e5 48. h5 e4+ 49. Kf2 e3+ 50. Kf1 d2 51. Ke2 d3+ 52. Kd1 0-1

[Event "VIII Festival Hotel Petra A"]
[Site "Roma ITA"]
[Date "2007.11.01"]
[Round "4"]
[White "Ferri, Stefano"]
[Black "Castelfranchi, Carlo"]
[Result "1/2-1/2"]
[WhiteElo "2178"]
[BlackElo "2083"]
[PlyCount "74"]
[EventDate "2007.10.29"]

1. Nf3 Nf6 2. g3 g6 3. Bg2 Bg7 4. O-O O-O 5. d4 d5 6. Ne5 c5 7. dxc5 Qc7 8. Nd3
Ne4 9. Nd2 Bf5 10. Nb3 Nd7 11. c3 e5 12. Be3 a5 13. a4 Rfc8 14. g4 Be6 15. g5
d4 16. cxd4 Bxb3 17. Qxb3 exd4 18. Bf4 Nexc5 19. Qb5 Ne5 20. Qxc5 Qxc5 21. Nxc5
Rxc5 22. Rac1 Rxc1 23. Rxc1 b6 24. b3 Rd8 25. Bg3 h6 26. h4 hxg5 27. hxg5 Kf8
28. Bh3 d3 29. exd3 Nxd3 30. Rc6 Bd4 31. Bf1 Bc5 32. Bc7 Rd5 33. Bxd3 Rxd3 34.
Bxb6 Bb4 35. Bc5+ Ke8 36. Bxb4 axb4 37. Rb6 Rxb3 1/2-1/2

[Event "VIII Festival Hotel Petra A"]
[Site "Roma ITA"]
[Date "2007.11.01"]
[Round "4"]
[White "Gerardi, Saverio"]
[Black "Guidi, Maurizio"]
[Result "1/2-1/2"]
[WhiteElo "2156"]
[BlackElo "2078"]
[PlyCount "99"]
[EventDate "2007.10.29"]

1. e4 c5 2. Nf3 Nc6 3. d4 cxd4 4. Nxd4 g6 5. Be3 Bg7 6. Nc3 Nf6 7. Be2 O-O 8.
O-O d5 9. exd5 Nxd5 10. Nxd5 Qxd5 11. Bf3 Qc4 12. Nxc6 bxc6 13. c3 Bf5 14. Qb3
Qa6 15. a4 Rab8 16. Qa3 e5 17. Rfe1 Be6 18. b4 Rfd8 19. Be2 Bc4 20. Bxc4 Qxc4
21. Bxa7 Ra8 22. Bc5 Rd3 23. Rac1 e4 24. h3 Rxc3 25. Rxc3 Qxc3 26. Qxc3 Bxc3
27. Rc1 Bg7 28. a5 f5 29. Kf1 Kf7 30. Rd1 Bf8 31. Bxf8 Rxf8 32. Rd7+ Ke6 33.
Rxh7 Rb8 34. Rg7 Kf6 35. Rc7 Rxb4 36. Rxc6+ Kg5 37. g3 Rb2 38. Re6 Ra2 39. a6
Kh5 40. Kg2 e3 41. Rxe3 Rxa6 42. h4 Ra2 43. Kf3 Rb2 44. Rd3 Ra2 45. Ke3 Rb2 46.
f3 Ra2 47. Rd8 Ra3+ 48. Kf4 Ra4+ 49. Ke5 Ra5+ 50. Kf6 1/2-1/2

[Event "VIII Festival Hotel Petra A"]
[Site "Roma ITA"]
[Date "2007.11.01"]
[Round "4"]
[White "Horvath, Csaba"]
[Black "Lava, Giovanni"]
[Result "1-0"]
[WhiteElo "2536"]
[BlackElo "2221"]
[PlyCount "55"]
[EventDate "2007.10.29"]

1. d4 Nf6 2. c4 g6 3. Nc3 d5 4. Nf3 Bg7 5. Qb3 dxc4 6. Qxc4 O-O 7. e4 Na6 8.
Be2 c5 9. d5 e6 10. O-O exd5 11. exd5 Re8 12. Rd1 Bf5 13. d6 h6 14. Bf4 Qb6 15.
Ne5 Be6 16. Qb5 Nb4 17. Na4 Qxb5 18. Bxb5 Nfd5 19. Bxe8 Nxf4 20. d7 Rd8 21.
Nxc5 Bxe5 22. Nxb7 Bc7 23. Rac1 Ne2+ 24. Kf1 Nxc1 25. Rxc1 Rb8 26. Rxc7 Na6 27.
Bxf7+ Kf8 28. d8=Q+ 1-0

[Event "VIII Festival Hotel Petra A"]
[Site "Roma ITA"]
[Date "2007.11.01"]
[Round "4"]
[White "Hunt, Adam C."]
[Black "Lazic, Miroljub"]
[Result "1/2-1/2"]
[WhiteElo "2464"]
[BlackElo "2492"]
[PlyCount "113"]
[EventDate "2007.10.29"]

1. e4 d6 2. d4 Nf6 3. Nc3 e5 4. Nf3 Nbd7 5. Bc4 Be7 6. O-O O-O 7. Re1 c6 8. a4
a5 9. b3 Nb6 10. Bf1 Bg4 11. dxe5 Bxf3 12. Qxf3 dxe5 13. Bb2 Bc5 14. Ne2 Nfd7
15. Nc1 Re8 16. g3 Bf8 17. Nd3 Qc7 18. Qe3 c5 19. c4 Nb8 20. f4 f6 21. Bh3 Nc6
22. Rad1 Rad8 23. Nc1 Nd4 24. Bxd4 cxd4 25. Qf3 exf4 26. gxf4 Bb4 27. Re2 Nd7
28. Bxd7 Rxd7 29. Nd3 Bc3 30. e5 Qb6 31. Rb1 fxe5 32. Rxe5 Rf8 33. c5 Qh6 34.
Rf1 Bd2 35. Qe4 Be3+ 36. Kh1 Rdf7 37. Re8 Qh3 38. Rxf8+ Rxf8 39. Rf3 Qg4 40.
Rf1 Qh3 41. Rf3 Qg4 42. Rf1 Qe2 43. Re1 Qc2 44. Qe6+ Kh8 45. Qc4 Qd2 46. Rf1
Bxf4 47. Nxf4 Rxf4 48. Qb5 h6 49. Rg1 g5 50. Qxb7 Qe3 51. Qd5 Qf3+ 52. Qxf3
Rxf3 53. Rd1 Rxb3 54. Rxd4 Rc3 55. Rd5 Rc4 56. c6 Rxc6 57. Rxa5 1/2-1/2

[Event "VIII Festival Hotel Petra A"]
[Site "Roma ITA"]
[Date "2007.11.01"]
[Round "4"]
[White "Ibba, Isacco"]
[Black "Tosoni, Augusto"]
[Result "0-1"]
[WhiteElo "2202"]
[BlackElo "2255"]
[PlyCount "84"]
[EventDate "2007.10.29"]

1. d3 d5 2. f4 g6 3. Nf3 Bg7 4. g3 c6 5. Bg2 Nh6 6. O-O Qb6+ 7. d4 Bg4 8. c3
Bxf3 9. Bxf3 Nf5 10. e4 dxe4 11. Bxe4 Nd7 12. Bxf5 gxf5 13. Qh5 e6 14. Re1 Nf6
15. Qxf5 O-O-O 16. Qc5 Qxc5 17. dxc5 Rd5 18. Na3 Nd7 19. Be3 Nxc5 20. c4 Rh5
21. g4 Rh4 22. Bxc5 Rxg4+ 23. Kh1 b6 24. Bd6 Bxb2 25. Rab1 Rd8 26. Rxb2 Rxd6
27. Rf1 Rd3 28. Nb1 Rd4 29. Rc2 Rdxf4 30. Rxf4 Rxf4 31. Kg2 e5 32. Nd2 Kd7 33.
Nb3 c5 34. Rf2 Rxc4 35. Rxf7+ Ke6 36. Rxa7 Rc2+ 37. Kg3 c4 38. Rb7 Rc3+ 39. Kg4
h5+ 40. Kxh5 cxb3 41. Rxb6+ Kf5 42. Rxb3 Rxb3 0-1

[Event "VIII Festival Hotel Petra A"]
[Site "Roma ITA"]
[Date "2007.11.01"]
[Round "4"]
[White "Isonzo, David"]
[Black "Caprio, Guido"]
[Result "1/2-1/2"]
[WhiteElo "2339"]
[BlackElo "2071"]
[PlyCount "51"]
[EventDate "2007.10.29"]

1. e4 c5 2. Nf3 d6 3. d4 cxd4 4. Nxd4 Nf6 5. Nc3 g6 6. g3 Nc6 7. Bg2 Nxd4 8.
Qxd4 Bg7 9. O-O O-O 10. Qb4 Nd7 11. Nd5 a5 12. Qe1 b6 13. Qd1 Ba6 14. Re1 e6
15. Ne3 Nc5 16. Rb1 Rc8 17. b3 Bb7 18. Nf1 d5 19. exd5 exd5 20. Ba3 Re8 21.
Rxe8+ Qxe8 22. Bxd5 Rd8 23. c4 Bxd5 24. cxd5 Qe4 25. Bxc5 Rxd5 26. Qe1 1/2-1/2

[Event "VIII Festival Hotel Petra A"]
[Site "Roma ITA"]
[Date "2007.11.01"]
[Round "4"]
[White "Lantini, Marco"]
[Black "Palermo, Stefano"]
[Result "1-0"]
[WhiteElo "2222"]
[BlackElo "2071"]
[PlyCount "103"]
[EventDate "2007.10.29"]

1. d4 Nf6 2. c4 g6 3. Nc3 Bg7 4. e4 d6 5. h3 O-O 6. Bg5 c6 7. Nf3 Nbd7 8. Bd3
h6 9. Be3 e5 10. d5 cxd5 11. cxd5 Nh5 12. O-O Nc5 13. Bc4 Nf4 14. b4 Nd7 15.
Rc1 Nb6 16. Bb3 f5 17. Bxf4 exf4 18. Re1 fxe4 19. Rxe4 Bf5 20. Rxf4 g5 21. Rxf5
Rxf5 22. Nb5 Rf7 23. Qd3 Rc8 24. Re1 a6 25. Nbd4 Rf4 26. Bc2 Rxc2 27. Nxc2 Nd7
28. Qg6 Nf8 29. Re8 Qf6 30. Qxf6 Bxf6 31. a3 Rc4 32. Ne3 Rc1+ 33. Kh2 Kf7 34.
Rb8 Rc7 35. Nf5 Kg6 36. Nxd6 Nd7 37. Rxb7 Rxb7 38. Nxb7 Nb6 39. d6 h5 40. g4
hxg4 41. hxg4 Kf7 42. Nc5 Nc4 43. a4 Nxd6 44. Nxa6 Ne4 45. Kg2 Ke7 46. Nc5 Nc3
47. a5 Kd6 48. Nd2 Kc6 49. Nde4 Nxe4 50. Nxe4 Be7 51. Nc5 Bd6 52. Kf3 1-0

[Event "VIII Festival Hotel Petra A"]
[Site "Roma ITA"]
[Date "2007.11.01"]
[Round "4"]
[White "Marta, Daniele"]
[Black "Pienabarca, Nicola"]
[Result "1/2-1/2"]
[WhiteElo "2073"]
[BlackElo "2075"]
[PlyCount "23"]
[EventDate "2007.10.29"]

1. Nf3 d5 2. d4 Nf6 3. Bg5 Ne4 4. Bh4 g6 5. e3 Bg7 6. c4 c5 7. Nc3 Qa5 8. cxd5
cxd4 9. exd4 Nxc3 10. Qd2 Qxd5 11. bxc3 O-O 12. Be2 1/2-1/2

[Event "VIII Festival Hotel Petra A"]
[Site "Roma ITA"]
[Date "2007.11.01"]
[Round "4"]
[White "Parpinel, Marco"]
[Black "Sibilio, Mario"]
[Result "0-1"]
[WhiteElo "2137"]
[BlackElo "2381"]
[PlyCount "60"]
[EventDate "2007.10.29"]

1. e4 d6 2. d4 g6 3. Nc3 a6 4. Bg5 Bg7 5. Qd2 b5 6. a4 b4 7. Nd5 Nc6 8. Nxb4
Nxd4 9. Bc4 c5 10. Nd5 Rb8 11. Ra2 h6 12. Bh4 g5 13. Bg3 e6 14. Ne3 Nf6 15. f3
Nh5 16. Ne2 Nxg3 17. hxg3 d5 18. exd5 exd5 19. Bxd5 O-O 20. c3 Re8 21. Kf2 Nxe2
22. Kxe2 Bd4 23. cxd4 Qxd5 24. Ra3 cxd4 25. Kf1 Qe5 26. Nc4 Qc5 27. Qc2 Bf5 28.
Qc1 Rbc8 29. b3 Qb4 30. Rxh6 Bd3+ 0-1

[Event "VIII Festival Hotel Petra A"]
[Site "Roma ITA"]
[Date "2007.11.01"]
[Round "4"]
[White "Piscopo, Pierluigi"]
[Black "Andreoni, Giuseppe"]
[Result "1-0"]
[WhiteElo "2365"]
[BlackElo "2009"]
[PlyCount "37"]
[EventDate "2007.10.29"]

1. e4 c5 2. Nf3 d6 3. c3 Nf6 4. Be2 e6 5. O-O Nc6 6. Qc2 Be7 7. d4 cxd4 8. cxd4
d5 9. e5 Ne4 10. a3 Bd7 11. b4 Rc8 12. Qb2 Qb6 13. Nbd2 a5 14. b5 Nxd2 15. Qxd2
Na7 16. a4 Qc7 17. Qf4 Qc2 18. Bd2 Bb4 19. Rfd1 1-0

[Event "VIII Festival Hotel Petra A"]
[Site "Roma ITA"]
[Date "2007.11.01"]
[Round "4"]
[White "Sbarra, Marco"]
[Black "Bellincampi, Stefano"]
[Result "1-0"]
[WhiteElo "2220"]
[BlackElo "2003"]
[PlyCount "51"]
[EventDate "2007.10.29"]

1. e4 e5 2. Nf3 Nc6 3. Bb5 a6 4. Bxc6 dxc6 5. Nc3 f6 6. d4 Bb4 7. O-O Bg4 8.
dxe5 Bxc3 9. Qxd8+ Rxd8 10. bxc3 Bxf3 11. exf6 Nxf6 12. gxf3 h6 13. Be3 Rf8 14.
Rfd1 Nd7 15. f4 Nf6 16. f3 g6 17. Rxd8+ Kxd8 18. Kf2 Ke8 19. c4 b5 20. cxb5
cxb5 21. a4 Kd7 22. axb5 axb5 23. Ra6 g5 24. f5 c6 25. Bc5 Rf7 26. e5 1-0

[Event "VIII Festival Hotel Petra A"]
[Site "Roma ITA"]
[Date "2007.11.01"]
[Round "4"]
[White "Scalcione, Michelangelo"]
[Black "Korneev, Oleg"]
[Result "0-1"]
[WhiteElo "2357"]
[BlackElo "2587"]
[PlyCount "78"]
[EventDate "2007.10.29"]

1. Nf3 d5 2. d4 Nf6 3. c4 e6 4. Nc3 c6 5. Bg5 dxc4 6. e4 b5 7. e5 h6 8. Bh4 g5
9. Nxg5 hxg5 10. Bxg5 Nbd7 11. g3 Qa5 12. exf6 b4 13. Ne4 Ba6 14. b3 O-O-O 15.
Qc2 Nb6 16. O-O-O c3 17. Bxa6+ Qxa6 18. h4 Kb7 19. Rhe1 Qb5 20. Bf4 a5 21. Ng5
Rd7 22. Nf3 Nd5 23. Ne5 Rc7 24. Bg5 Bd6 25. Qd3 Qxd3 26. Rxd3 Bxe5 27. dxe5 c5
28. Re4 a4 29. Kc2 axb3+ 30. Kxb3 Ra8 31. Bc1 Kc6 32. Rc4 Rca7 33. a3 Rxa3+ 34.
Bxa3 Rxa3+ 35. Kc2 Kb5 36. Rg4 b3+ 37. Kb1 c2+ 38. Kb2 Ra2+ 39. Kxb3 c1=N# 0-1

[Event "VIII Festival Hotel Petra A"]
[Site "Roma ITA"]
[Date "2007.11.01"]
[Round "4"]
[White "Stips, Felix"]
[Black "Di Lascio, Savino"]
[Result "1/2-1/2"]
[WhiteElo "2061"]
[BlackElo "2004"]
[PlyCount "149"]
[EventDate "2007.10.29"]

1. e4 c6 2. Nf3 d5 3. exd5 cxd5 4. Ne5 Qb6 5. d4 Nc6 6. c3 g6 7. Nd2 Nxe5 8.
dxe5 Bg7 9. Nb3 e6 10. Be3 Qc7 11. f4 Ne7 12. Nd4 a6 13. Bd3 Nf5 14. Qe2 Bd7
15. O-O-O Rc8 16. Kb1 Nxe3 17. Qxe3 Qb6 18. Rc1 O-O 19. h4 f6 20. h5 g5 21.
exf6 gxf4 22. Qxf4 Rxf6 23. Qg3 Qc7 24. Qxc7 Rxc7 25. Nf3 Rf4 26. Rce1 Rg4 27.
Rhg1 Rg3 28. Bc2 b5 29. Ne5 Be8 30. Bd1 a5 31. Bg4 Re7 32. Bf3 Rg5 33. Nd3 Bxh5
34. g4 Bg6 35. Kc2 b4 36. Kd2 bxc3+ 37. bxc3 Rc7 38. Rxe6 Bxd3 39. Kxd3 Rxc3+
40. Ke2 Kf7 41. Re3 Rc2+ 42. Kd3 Rxa2 43. Rb1 Ra3+ 44. Ke2 Rxe3+ 45. Kxe3 Ke7
46. Kf4 h6 47. Rb5 Be5+ 48. Ke3 d4+ 49. Ke4 Bg7 50. Rb7+ Kd6 51. Kd3 Kc5 52.
Bd1 Kc6 53. Bf3+ Kd6 54. Ra7 Bf6 55. Ra6+ Ke7 56. Ra7+ Kd8 57. Ra6 Bg7 58. Ra7
Kc8 59. Kc4 Kb8 60. Rb7+ Kc8 61. Ra7 Kd8 62. Kd3 Ke8 63. Bc6+ Kf8 64. Bf3 Rc5
65. Kd2 Rc3 66. Bd5 Rc5 67. Rf7+ Ke8 68. Rxg7 Rxd5 69. Rg6 h5 70. gxh5 Rxh5 71.
Kd3 Rd5 72. Rg4 Kd7 73. Rxd4 Kc6 74. Rxd5 Kxd5 75. Kc3 1/2-1/2